Problemas sociales y económicos (Record no. 98672)

MARC details
000 -LEADER
campo de control de longitud fija 00611nam a22001815i 4500
001 - NÚMERO DE CONTROL
campo de control 98672
003 - IDENTIFICADOR DE NÚMERO DE CONTROL
campo de control ES-MaACL
005 - FECHA Y HORA DE LA ÚLTIMA TRANSACCIÓN
campo de control 20250907063058.0
007 - CAMPO FIJO DE DESCRIPCIÓN FÍSICA--INFORMACIÓN GENERAL
campo de control de longitud fija t|
008 - DATOS DE LONGITUD FIJA--INFORMACIÓN GENERAL
campo de control de longitud fija 950920s1899 sp ||||1| spa d
040 ## - FUENTE DE CATALOGACIÓN
Centro catalogador/agencia de origen CAM
Lengua de catalogación spa
Centro/agencia transcriptor CAM
100 1# - ENTRADA PRINCIPAL--NOMBRE DE PERSONA
Nombre de persona Elías de Molins, José,
Fechas asociadas al nombre 1848-1928
9 (RLIN) 46975
245 10 - MENCIÓN DEL TÍTULO
Título Problemas sociales y económicos
Resto del título : algo con ocasión del proyecto de presupuestos de 1899-1900 /
Mención de responsabilidad, etc. por José Elías de Molins.
260 ## - PUBLICACIÓN, DISTRIBUCIÓN, ETC.
Lugar de publicación, distribución, etc. Barcelona :
Nombre del editor, distribuidor, etc. [s.n.],
Fecha de publicación, distribución, etc. 1899 (
Fabricante Tip. de "El Heraldo")
300 ## - DESCRIPCIÓN FÍSICA
Extensión 41, [6] p. ;
Dimensiones 22 cm.
852 ## - LOCALIZACIÓN
Ubicación ES-MaACL
Número de control de estantería T-922-F-6
Holdings
Estatus retirado Estado de pérdida Estado de daño No para préstamo Colección Biblioteca de origen Biblioteca actual Ubicación en estantería Fecha de adquisición Fuente de adquisición Total de préstamos Signatura topográfica completa Código de barras Visto por última vez Precio de reemplazo Tipo de ítem Koha
        Colección de folletos Biblioteca del Ateneo de Madrid Biblioteca del Ateneo de Madrid Depósito folletos 17/01/2008     T-922-F-6 1103011 23/02/2023 23/02/2023 Folleto